LEADER 01965oam 2200481M 450 001 9910716189703321 005 20200213070901.1 035 $a(CKB)5470000002518214 035 $a(OCoLC)1065590798 035 $a(OCoLC)995470000002518214 035 $a(EXLCZ)995470000002518214 100 $a20071213d1926 ua 0 101 0 $aeng 135 $aurcn||||||||| 181 $ctxt$2rdacontent 182 $cc$2rdamedia 183 $acr$2rdacarrier 200 10$aTo establish a national military park at the battle field of Moores Creek, N.C. May 6, 1926. -- Committed to the Committee of the Whole House on the State of the Union and ordered to be printed 210 1$a[Washington, D.C.] :$c[U.S. Government Printing Office],$d1926. 215 $a1 online resource (5 pages) 225 1 $aHouse report / 69th Congress, 1st session. House ;$vno. 1090 225 1 $a[United States congressional serial set] ;$v[serial no. 8534] 300 $aBatch processed record: Metadata reviewed, not verified. Some fields updated by batch processes. 300 $aFDLP item number not assigned. 606 $aBattlefields 606 $aHistoric preservation 606 $aMilitary parks 606 $aMoores Creek Bridge, Battle of, N.C., 1776 607 $aUnited States$xHistory$yRevolution, 1775-1783 608 $aLegislative materials.$2lcgft 615 0$aBattlefields. 615 0$aHistoric preservation. 615 0$aMilitary parks. 615 0$aMoores Creek Bridge, Battle of, N.C., 1776. 701 $aWurzbach$b Harry McLeary$f1874-1931$pRepublican (TX)$01386829 801 0$bWYU 801 1$bWYU 801 2$bOCLCO 801 2$bOCLCQ 906 $aBOOK 912 $a9910716189703321 996 $aTo establish a national military park at the battle field of Moores Creek, N.C. May 6, 1926. -- Committed to the Committee of the Whole House on the State of the Union and ordered to be printed$93521251 997 $aUNINA